000 00857nam a2200229Ii 4500
003 JO-AjNU
008 230605s9999||||xx |||||||||||||| ||und||
017 _a2014/5/2276
020 _a978-9957-568-53-5
040 _aJO-AjNU
_bara
_erda
_cJO-AjNU
041 _aara
050 1 4 _aPJ7852 2014
100 3 _aفرخ، نجوى قعوار؛ تحرير وإعداد يوسف عبد العزيز، تحرير وإعداد ليما شفيق نبيل,
_eauthor
_950281
245 0 0 _aوكان صباح ... وكان مساء أمالي الذكريات
250 _aالطبعة العربية الاولى
264 3 1 _aعمان: دار البيروني، 2014
300 _a464ص
336 _atext
_btxt
_2rdacontent
337 _aunmediated
_bn
_2rdamedia
338 _avolume
_bnc
_2rdacarrier
650 4 _aالادب العربي - مقالات
_950282
999 _aA22139
_c25707
_d25707